Ciudades más grandes de España por provincia - Estadísticas

Estadísticas generales
  • Esta prueba ha sido intentada 5.844 veces
    5.298 desde el último reinicio
  • La puntuación promedio es 84 de 252
Estadísticas de respuestas
Provincia Población Respuesta % Correcto
Almería 200.665 Almería
88%
Cádiz 112.077 Cádiz
86%
Sevilla 684.164 Sevilla
86%
Córdoba 324.418 Córdoba
84%
Granada 232.246 Granada
83%
Málaga 587.068 Málaga
82%
Valencia 804.121 Valencia
82%
Alicante 350.598 Alicante
81%
Albacete 173.202 Albacete
80%
Barcelona 1.655.956 Barcelona
80%
Huelva 142.968 Huelva
80%
Jaén 111.767 Jaén
80%
Castellón 175.915 Castellón
79%
Madrid 3.340.176 Madrid
79%
Toledo 85.818 Toledo
78%
Zaragoza 683.949 Zaragoza
78%
Ciudad Real 75.254 Ciudad Real
77%
Cuenca 53.630 Cuenca
77%
Huesca 53.938 Huesca
77%
Badajoz 150.716 Badajoz
76%
León 121.763 León
76%
Teruel 36.155 Teruel
76%
Ávila 58.548 Ávila
75%
Burgos 174.585 Burgos
75%
Cáceres 96.195 Cáceres
75%
Girona 104.038 Girona
75%
Guadalajara 88.886 Guadalajara
75%
Lugo 98.189 Lugo
75%
Murcia 467.501 Murcia
75%
Tarragona 138.326 Tarragona
75%
La Coruña 247.350 A Coruña
74%
Lleida 142.990 Lleida
74%
Orense 104.187 Ourense
74%
Palencia 76.266 Palencia
74%
Salamanca 143.666 Salamanca
74%
Vizcaya 345.235 Bilbao
73%
Segovia 50.926 Segovia
73%
Soria 40.033 Soria
73%
Valladolid 297.129 Valladolid
73%
Ciudades Autónomas 83.052 Ceuta
72%
Ciudades Autónomas 85.493 Melilla
72%
Zamora 59.362 Zamora
72%
Asturias 217.369 Oviedo
71%
Cantabria 172.655 Santander
71%
Cádiz 214.294 Jerez de la Frontera
70%
Asturias 268.948 Gijón
69%
Pontevedra 82.592 Pontevedra
69%
Baleares 430.640 Palma
68%
Navarra 206.233 Pamplona
68%
Las Palmas 380.863 Las Palmas de Gran Canaria
67%
Guipúzcoa 188.136 San Sebastián
67%
Pontevedra 294.910 Vigo
66%
La Rioja 150.206 Logroño
64%
Badajoz 59.563 Mérida
64%
Málaga 156.153 Marbella
63%
Murcia 218.196 Cartagena
62%
La Coruña 98.716 Santiago de Compostela
62%
Alicante 238.285 Elche
61%
Tenerife 208.906 Santa Cruz de Tenerife
61%
Álava 255.423 Vitoria-Gasteiz
61%
Baleares 51.872 Ibiza
60%
Barcelona 276.617 L'Hospitalet de Llobregat
59%
Sevilla 138.991 Dos Hermanas
56%
Madrid 198.348 Alcalá de Henares
55%
Alicante 72.184 Benidorm
55%
Madrid 190.974 Leganés
51%
Madrid 210.592 Móstoles
51%
Barcelona 224.301 Badalona
50%
Almería 105.886 Roquetas de Mar
49%
Cádiz 123.943 Algeciras
46%
Barcelona 217.968 Sabadell
45%
Castellón 51.839 Villarreal
45%
La Coruña 64.005 Ferrol
44%
León 62.941 Ponferrada
44%
Cádiz 94.072 San Fernando
43%
Asturias 75.643 Avilés
42%
Almería 89.391 El Ejido
42%
Tarragona 108.535 Reus
42%
Toledo 84.102 Talavera de la Reina
42%
Málaga 85.136 Fuengirola
41%
Madrid 189.287 Fuenlabrada
41%
Vizcaya 100.987 Barakaldo
40%
Valencia 77.916 Gandía
40%
Granada 59.199 Motril
40%
Barcelona 225.274 Terrassa
39%
Guipúzcoa 62.853 Irún
38%
Murcia 97.904 Lorca
38%
Jaén 55.130 Linares
37%
Cáceres 39.725 Plasencia
37%
Alicante 89.729 Torrevieja
37%
Vizcaya 76.297 Guecho
36%
Huesca 13.594 Jaca
36%
Cádiz 90.197 El Puerto de Santa María
35%
Tenerife 159.576 La Laguna
35%
Burgos 35.587 Miranda de Ebro
35%
Jaén 33.838 Úbeda
35%
Cantabria 51.232 Torrelavega
33%
Málaga 86.364 Vélez-Málaga
33%
Navarra 37.631 Tudela
32%
Baleares 46.614 Manacor
31%
Burgos 33.523 Aranda de Duero
30%
Guipúzcoa 27.179 Eibar
30%
Ciudad Real 45.243 Puertollano
30%
Badajoz 37.524 Don Benito
29%
Valencia 87.329 Torrent
29%
Zaragoza 19.713 Calatayud
28%
Alicante 82.425 Orihuela
28%
León 10.302 Astorga
27%
Valencia 70.486 Sagunt
27%
Salamanca 11.797 Ciudad Rodrigo
26%
Valladolid 20.151 Medina del Campo
26%
Burgos 5.853 Medina de Pomar
26%
Málaga 90.763 Mijas
26%
Sevilla 51.857 Utrera
26%
Badajoz 25.746 Villanueva de la Serena
26%
Zamora 17.229 Benavente
25%
La Rioja 25.025 Calahorra
25%
La Rioja 11.750 Haro
25%
Huelva 29.031 Lepe
25%
Vizcaya 44.648 Portugalete
25%
Las Palmas 103.240 Telde
25%
Granada 27.759 Almuñécar
24%
Girona 47.841 Figueres
24%
Badajoz 33.865 Almendralejo
23%
Cantabria 33.160 Castro-Urdiales
23%
Ciudad Real 36.462 Tomelloso
23%
Zamora 8.347 Toro
23%
Murcia 43.040 Alcantarilla
21%
Albacete 30.499 Hellín
21%
Toledo 31.319 Illescas
21%
Albacete 15.632 La Roda
21%
Córdoba 42.856 Lucena
21%
Sevilla 76.829 Alcalá de Guadaíra
20%
Las Palmas 64.735 Arrecife
20%
Huesca 17.308 Barbastro
20%
Pontevedra 26.808 Cangas
20%
Pontevedra 37.721 Vilagarcía de Arousa
20%
Tarragona 36.441 Cambrils
19%
Murcia 75.941 Molina de Segura
19%
Lugo 18.253 Monforte de Lemos
19%
Valencia 73.362 Paterna
19%
Ciudad Real 30.380 Valdepeñas
19%
Guipúzcoa 23.127 Zarautz
19%
Tenerife 50.523 Adeje
18%
Albacete 24.246 Almansa
18%
Huelva 25.751 Almonte
18%
Guadalajara 35.352 Azuqueca de Henares
18%
Salamanca 12.010 Béjar
18%
Asturias 37.988 Langreo
18%
Girona 41.159 Lloret de Mar
18%
Albacete 25.090 Villarrobledo
18%
Palencia 6.748 Aguilar de Campoo
17%
Teruel 16.108 Alcañiz
17%
Ciudad Real 30.943 Alcázar de San Juan
17%
Jaén 35.894 Andújar
17%
Castellón 35.702 Borriana
17%
Cáceres 12.159 Coria
17%
Córdoba 29.862 Puente Genil
17%
Vizcaya 46.089 Santurtzi
17%
Cuenca 16.331 Tarancón
17%
Tarragona 34.864 Tortosa
17%
Castellón 29.660 Vinaròs
17%
Tenerife 86.497 Arona
16%
Huesca 17.856 Monzón
16%
Cáceres 16.891 Navalmoral de la Mata
16%
Girona 38.003 Olot
16%
Zaragoza 18.917 Utebo
16%
Teruel 7.210 Andorra
15%
Ávila 7.768 Arévalo
15%
Zaragoza 17.149 Ejea de los Caballeros
15%
Almería 33.034 Níjar
15%
Huesca 15.243 Fraga
14%
Córdoba 22.300 Montilla
14%
Guipúzcoa 39.134 Rentería
14%
Lugo 13.317 Sarria
14%
Orense 13.585 Verín
14%
Lugo 15.211 Viveiro
14%
Granada 25.008 Armilla
13%
La Rioja 14.157 Arnedo
13%
Baleares 53.496 Calvià
13%
Valladolid 22.674 Laguna de Duero
13%
Sevilla 47.515 Mairena del Aljarafe
13%
Córdoba 22.020 Priego de Córdoba
13%
Toledo 29.319 Seseña
13%
Lugo 13.900 Vilalba
13%
Girona 41.517 Blanes
12%
Soria 5.150 Burgo de Osma
12%
Segovia 9.578 Cuéllar
12%
Jaén 24.369 Martos
12%
La Coruña 39.070 Narón
12%
Orense 13.268 O Barco de Valdeorras
12%
Toledo 14.146 Ocaña
12%
La Coruña 37.831 Oleiros
12%
Segovia 5.180 Real Sitio de San Ildefonso
12%
Las Palmas 76.418 Santa Lucía de Tirajana
12%
Salamanca 14.657 Santa Marta de Tormes
12%
Asturias 52.166 Siero
12%
Soria 5.422 Almazán
11%
Lleida 12.479 La Seu d'Urgell
11%
Álava 17.910 Llodio
11%
Huelva 22.933 Moguer
11%
Orense 13.961 O Carballiño
11%
Pontevedra 28.987 Redondela
11%
Las Palmas 54.668 San Bartolomé de Tirajana
11%
Ávila 6.486 Arenas de San Pedro
10%
Valladolid 21.950 Arroyo de la Encomienda
10%
Lleida 17.544 Balaguer
10%
Castellón 31.664 La Vall d'Uixó
10%
Baleares 41.608 Santa Eulalia
10%
Lleida 18.189 Tàrrega
10%
Palencia 6.282 Venta de Baños
10%
Álava 10.299 Amurrio
9%
Teruel 4.469 Calamocha
9%
Lleida 15.301 Mollerussa
9%
León 30.009 San Andrés del Rabanedo
9%
Guadalajara 13.459 Alovera
8%
Burgos 6.401 Briviesca
8%
Zaragoza 14.629 Cuarte de Huerva
8%
Guadalajara 13.345 El Casar
8%
Segovia 9.801 El Espinar
8%
Tarragona 39.685 El Vendrell
8%
Cuenca 7.655 Quintanar del Rey
8%
Almería 28.020 Vícar
8%
Navarra 20.819 Burlada
7%
Cantabria 30.324 Camargo
7%
Ávila 5.009 Candeleda
7%
Tenerife 55.505 Granadilla de Abona
7%
Palencia 5.649 Guardo
7%
Granada 23.008 Las Gabias
7%
Ávila 5.372 Las Navas del Marqués
7%
Cáceres 9.362 Miajadas
7%
Cantabria 26.579 Piélagos
7%
Álava 5.078 Salvatierra
7%
Cuenca 6.794 San Clemente
7%
León 18.801 Villaquilambre
7%
Soria 3.053 Ágreda
6%
Huelva 22.329 Aljaraque
6%
Navarra 19.549 Barañáin
6%
Guadalajara 11.023 Cabanillas del Campo
6%
Teruel 3.754 Calanda
6%
La Rioja 11.371 Lardero
6%
Navarra 22.152 Valle de Egüés
6%
Cuenca 6.647 Las Pedroñeras
5%
Soria 3.778 Ólvega
5%
Orense 11.133 Barbadás
4%
Salamanca 7.553 Carbajosa de la Sagrada
4%
Valladolid 9.179 Cistérniga
4%
Álava 3.600 Iruña de Oca
4%
Zamora 3.080 Morales del Vino
4%
Palencia 6.456 Villamuriel de Cerrato
4%
Segovia 5.839 Palazuelos de Eresma
3%
Zamora 1.796 Villaralbo
3%
No se encontraron pruebas coincidentes
Distribución de puntuación
Porcentaje de gente con cada puntuación
Porcentaje por número respondido
Historial de tus puntuaciones
No has intentado esta prueba desde el último reinicio